| 000 | 00823nas a2200253 4500 | ||
|---|---|---|---|
| 001 | BR2012007988 | ||
| 003 | BR-BrBNA | ||
| 005 | 20231205121349.0 | ||
| 007 | ta | ||
| 008 | 230509b bl.|||p| |||| 00| 00por d | ||
| 040 |
_aBR-BrBNA _bpor _cBiblioteca Nacional de Agricultura |
||
| 041 | _a(Pt) | ||
| 072 | _aL53; L40 | ||
| 100 | 1 | _aLegat, J.F.A. | |
| 100 | 1 | _aVooren, C.M. | |
| 245 | 1 | _aCaracterização da morfologia uterina e das fases de desenvolvimento embrionário do tubarão-azul, Prionace glauca (Linnaeus, 1758) | |
| 650 | _aREPRODUÇÃO ANIMAL | ||
| 650 | _aEMBRIÃO | ||
| 650 | _aANATOMIA ANIMAL | ||
| 650 | _aCAÇÃO | ||
| 773 | 0 |
_tArquivos de Ciências do Mar (Brazil) _xISSN 0374-5686 _g(2008), v. 41(2) p. 14-20 _wBR2012007988 |
|
| 909 |
_a202311 _bLúcia _c55 _dLúcia Elande |
||
| 942 |
_2AGRIS _n0 _cANA |
||
| 999 |
_c223166 _d223166 |
||